La iglesia católica en la URSS / (Record no. 169838)

MARC details
000 -LEADER
campo de control de longitud fija 00549nam a22001695i 4500
001 - NÚMERO DE CONTROL
campo de control 169838
003 - IDENTIFICADOR DE NÚMERO DE CONTROL
campo de control ES-MaACL
005 - FECHA Y HORA DE LA ÚLTIMA TRANSACCIÓN
campo de control 20230906214220.0
008 - DATOS DE LONGITUD FIJA--INFORMACIÓN GENERAL
campo de control de longitud fija 081204s1987 ru |||| | spa d
080 ## - NÚMERO DE LA CLASIFICACIÓN DECIMAL UNIVERSAL
Número de la Clasificación Decimal Universal 252.14(47+57)
100 1# - ENTRADA PRINCIPAL--NOMBRE DE PERSONA
Nombre de persona Troyanovski, Igor.
9 (RLIN) 139008
245 13 - MENCIÓN DEL TÍTULO
Título La iglesia católica en la URSS /
Mención de responsabilidad, etc. Igor Troyanovski.
260 ## - PUBLICACIÓN, DISTRIBUCIÓN, ETC.
Lugar de publicación, distribución, etc. Moscú :
Nombre del editor, distribuidor, etc. Editorial de la Agencia de Prensa Nóvosti,
Fecha de publicación, distribución, etc. 1987.
300 ## - DESCRIPCIÓN FÍSICA
Extensión 50 p., [16] p. de lám. ;
Dimensiones 17 cm.
610 14 - PUNTO DE ACCESO ADICIONAL DE MATERIA--NOMBRE DE ENTIDAD CORPORATIVA
Nombre de entidad corporativa o nombre de jurisdicción como elemento de entrada Iglesia Católica-
Subdivisión geográfica URSS.
9 (RLIN) 139010
852 ## - LOCALIZACIÓN
Ubicación ES-MaACL
Número de control de estantería 2239-F-24
itemnumber R.114734
Holdings
Estatus retirado Estado de pérdida Estado de daño No para préstamo Colección Biblioteca de origen Biblioteca actual Ubicación en estantería Fecha de adquisición Fuente de adquisición Total de préstamos Signatura topográfica completa Código de barras Visto por última vez Precio de reemplazo Tipo de ítem Koha
        Colección de folletos Biblioteca del Ateneo de Madrid Biblioteca del Ateneo de Madrid Depósito folletos 04/12/2008     2239-F-24 1178310 23/02/2023 23/02/2023 Folleto